000 00447nam a22001697a 4500
005 20251108172436.0
008 250721s1995 xx 000 0 ara d
082 1 4 _a291/سمك
100 1 _aسمك، عبدالله علي
245 1 0 _aالصائبون /
264 1 _aالقاهرة :
_bمكتبة الآداب،
_c1995.
300 _a236ص
650 1 7 _aالصائبة
650 1 7 _aالديانات
942 _2ddc
_cBK
999 _c79429
_d79429